| 000 | 00965nam a22002417a 4500 | ||
|---|---|---|---|
| 005 | 20180226113923.0 | ||
| 010 | _aB-529168-174 B-663789 | ||
| 020 |
_a9780143419075 (V.2) _c499.00 |
||
| 020 |
_a9780143419075 (V.2) _c599.00 (AV) |
||
| 035 | _aB-529168-174 | ||
| 035 | _aB-663789 | ||
| 037 |
_adpl _bUBH/Ven |
||
| 037 |
_adpl _bBookwell/Ven |
||
| 082 | _a883.092 | ||
| 245 |
_aClassic Ruskin Bond Vol 2: _bthe memoirs complete and unabridged/ |
||
| 260 |
_aNew Delhi _bPenguin Books _c2012 |
||
| 270 |
_a11 Community Centre, Panchsheel Park _bNew Delhi _e110017 |
||
| 300 |
_av.2 (766p.) _c21cm(pbk) |
||
| 520 | _a13-14EN | ||
| 942 |
_2ddc _cEN _h883.092 _mCLA |
||
| 999 |
_c83786 _d83786 |
||